[Event "Open Ouest 06/07 (Istres)"]
[Site "?"]
[Date "2006.10.21"]
[Round "1"]
[White "Jullien, Patrick"]
[Black "Humbert, Didier"]
[Result "1-0"]
[WhiteElo "1720"]
[BlackElo "1550"]
[Annotator "Alard,Francis"]
[PlyCount "49"]
[EventDate "2006.??.??"]

1. e4 Nf6 2. e5 Nd5 3. d4 Nb6 4. f4 e6 5. Nf3 Be7 6.
Bd3 d5 7. O-O c5 8. Be3 c4 9. Be2 Bd7 10. Nc3 Na6 11. a4 Nb4 12. Nd2 Nc6 13. a5
Nc8 14. f5 O-O 15. f6 Bb4 16. fxg7 Kxg7 17. Nf3 f5 18. Bg5 Qe8 19. a6 Bxc3 20.
axb7 Rb8 21. bxc8=Q Bxc8 22. bxc3 a5 23. Qd2 Kf7 24. Bf6 h5 25. Qh6 1-0

[Event "Open Ouest 06/07 (Istres)"]
[Site "?"]
[Date "2006.10.21"]
[Round "1"]
[White "Abibsi, Dany"]
[Black "Laorden, Joan"]
[Result "0-1"]
[WhiteElo "1498"]
[BlackElo "1650"]
[Annotator "Alard,Francis"]
[PlyCount "53"]
[EventDate "2006.??.??"]

1. e4 g6 2. Nc3 Bg7 3. d4 d6 4. Nf3 Nf6 5.
b3 O-O 6. Bb2 a6 7. Bc4 b5 8. Bd3 Bb7 9. Qd2 c5 10. d5 e6 11. Be2 exd5 12. Nxd5
Nxe4 13. Qd3 Bxb2 14. Rb1 Nxf2 15. Kxf2 Bg7 16. Rhe1 Nd7 17. Rbd1 Ne5 18. Nxe5
Bxe5 19. g3 Bd4+ 20. Ne3 Qf6+ 21. Kg1 Rfe8 22. Rf1 Rxe3 23. Rxf6 Rxd3+ 24. Kf1
Rxd1+ 25. Bxd1 Bxf6 26. Be2 Re8 27. Ke1 0-1

[Event "Open Ouest 06/07 (Istres)"]
[Site "?"]
[Date "2006.10.21"]
[Round "1"]
[White "Brot, Fabrice"]
[Black "Jung, Cyril"]
[Result "1-0"]
[WhiteElo "1630"]
[BlackElo "1499"]
[Annotator "Alard,Francis"]
[PlyCount "67"]
[EventDate "2006.??.??"]

1. f4 Nc6 2. Nf3 Nf6 3. b3 d5 4. e3 g6 5.
Bb2 Bg7 6. Bb5 O-O 7. Bxc6 bxc6 8. d3 Bg4 9. h3 Bxf3 10. Qxf3 e6 11. Nd2 Rb8
12. g4 a5 13. h4 Ne8 14. Bxg7 Nxg7 15. h5 Qf6 16. Ke2 h6 17. hxg6 fxg6 18. Raf1
g5 19. fxg5 Qxf3+ 20. Rxf3 hxg5 21. Rh6 Rbe8 22. Rg6 Kh7 23. Rxg5 Kh6 24. Re5
c5 25. c4 d4 26. Rxc5 e5 27. Rxc7 Ne6 28. Rc6 Kg5 29. Rg3 dxe3 30. Kxe3 Rf4 31.
Nf3+ Kf6 32. g5+ Kf5 33. g6 Nd4 34. Rg5# 1-0

[Event "Open Ouest 06/07 (Istres)"]
[Site "?"]
[Date "2006.10.21"]
[Round "1"]
[White "Lagrange, Daniel"]
[Black "Frailinu, Jean-Bernard"]
[Result "0-1"]
[WhiteElo "1499"]
[BlackElo "1620"]
[Annotator "Alard,Francis"]
[PlyCount "82"]
[EventDate "2006.??.??"]

1. e4 e6 2. d4 Nf6 3. Nc3 Bb4 4. Nf3 Bxc3+ 5. bxc3
Nxe4 6. Qd3 d5 7. Ne5 O-O 8. c4 c6 9. Ba3 Qa5+ 10. Ke2 Nc3+ 11. Kf3 Qxa3 12. g3
Qb2 13. Re1 Nd7 14. Ng4 Ne4 15. a4 e5 16. Nxe5 Nxe5+ 17. dxe5 Qxe5 18. Kg2 Qf5
19. Re2 Qh3+ 20. Kg1 Qh5 21. h3 Bd7 22. Bg2 Nc5 23. Qd2 dxc4 24. f3 Rad8 25.
Qe3 Rfe8 26. Qf2 Be6 27. Kh2 b6 28. Rhe1 Nxa4 29. Re5 Qg6 30. f4 Bd7 31. Qd4
Nc5 32. Bxc6 Rxe5 33. Rxe5 Qxc6 34. f5 Re8 35. f6 Rxe5 36. Qxe5 gxf6 37. Qe7
Qe6 38. Qd8+ Kg7 39. g4 Qe2+ 40. Kg1 Bc6 41. Qc8 Qg2# 0-1

[Event "Open Ouest 06/07 (Istres)"]
[Site "?"]
[Date "2006.10.21"]
[Round "1"]
[White "Dufresne, Saïd"]
[Black "Reymond, Jean-François"]
[Result "0-1"]
[WhiteElo "1600"]
[BlackElo "1499"]
[Annotator "Fritz 7 (30s)"]
[PlyCount "68"]
[EventDate "2006.??.??"]

1. Nf3 d5 2. d4 Nf6 3. c4 e6 4. Nc3 a6 5.
g3 dxc4 {dernier coup de la bibliotheque} 6. Qa4+ b5 7. Nxb5 $2 (7. Qc2 $142
$17) 7... Bd7 $19 8. Nxc7+ Qxc7 9. Qc2 Bb4+ 10. Bd2 Bxd2+ 11. Qxd2 (11. Nxd2
Qb7 12. f3 Nc6 $19) 11... O-O 12. Bg2 Nc6 13. O-O Rab8 14. Rfc1 Na5 15. b4 (15.
Ne5 Qb6 16. Rab1 $19) 15... Ne4 $4 {les noirs manque le coche} (15... Nb7 16.
Ne5 Nd6 17. Rab1 $19) 16. Qe1 $4 (16. Qc2 $142 $11 {serait un sursis}) 16...
Nb7 $19 17. Nd2 (17. Rab1 f6 $19) 17... Nxd2 18. Qxd2 Nd6 19. a3 Ba4 20. h4 Qb6
21. h5 Bb3 22. h6 Nf5 23. hxg7 Rfd8 24. e3 Qa7 (24... e5 {
fais ca meme si c'est plus facile pour les noirs} 25. d5 $19) 25. Be4 Qe7 26.
Kg2 Qg5 27. Rh1 $4 {accelere la fin de les blancs} (27. Qe2 Nd6 28. Bc2 Bxc2
29. Rxc2 a5 30. bxa5 Qxa5 $19) 27... Rbc8 (27... Rxd4 $142 $1 {
et les noirs a pris l'avantage} 28. Rh5 Qxg3+ 29. fxg3 Rxd2+ 30. Kh3 Nxe3 $19)
28. Qe2 Rc7 29. Rh5 Qxg7 (29... Qg6 $142 $5 30. Bxf5 exf5 $19) 30. Rah1 $15 {
Le pion arriere en h7 devient une cible} c3 $4 {
donne un contrejeu a l'adversaire} (30... Kf8 $142 $15) 31. Bc2 $4 {
au lieu de gagner simplement la partie} (31. Rxh7 $142 {
avec d'excellentes chances pour les blancs} Qxh7 32. Rxh7 $18) 31... Bxc2 32.
Qxc2 f6 (32... Qxg3+ $142 {peut etre le plus court chemin} 33. Kf1 Qf3 $19) 33.
Kf3 $4 (33. Rxh7 $142 {sauvant la partie} Qxh7 34. Rxh7 Rxh7 35. Qxc3 $11)
33... Qg6 (33... Rxd4 $142 {fin du debat} 34. Rxf5 Qg4+ 35. Kg2 Rd2 $19 (35...
Qxf5 $6 {est faible} 36. Qxf5 exf5 37. exd4 $11)) 34. Kf4 (34. Qe4 Re8 35. Qg4
$19) 34... Rg7 (34... Rg7 35. Qxf5 exf5 $19) 0-1

[Event "Open Ouest 06/07 (Istres)"]
[Site "?"]
[Date "2006.10.21"]
[Round "1"]
[White "Yriarte, Stéphane"]
[Black "Alard, Francis"]
[Result "0-1"]
[WhiteElo "1499"]
[BlackElo "1590"]
[Annotator "Fritz 7 (30s)"]
[PlyCount "74"]
[EventDate "2006.??.??"]

1. d4 d5 2. c4 e6 3. cxd5
exd5 4. Nc3 Nf6 5. Bg5 Nbd7 6. e3 c6 {Consolide b5} 7. Bd3 Qa5 8. Qc2 Bb4 9.
Nge2 O-O 10. O-O Re8 11. Bf5 g6 12. Bd3 Bf8 13. Kh1 Bg7 14. a3 Nf8 15. Ng1 Ne6
16. Bh4 Bd7 17. b4 Qc7 18. Bg3 Qc8 19. h3 {Couvre g4} Ng5 20. Kh2 (20. Be5 h6
$14) 20... Nge4 21. Be5 Nxc3 22. Qxc3 Bf5 23. Be2 (23. Nf3 $142 $5 $11 {
devrait etre examine}) 23... Ne4 $17 24. Qb2 Qd7 (24... f6 $5 25. Bf4 g5 $17)
25. Bxg7 $11 Kxg7 26. Rac1 f6 27. b5 cxb5 28. Bxb5 Qd6+ 29. Kh1 Rec8 30. h4 (
30. Qa2 $5 $15 {peut etre une alternative viable}) 30... Qb6 $17 31. Qb4 $2 (
31. Rxc8 $142 Rxc8 32. Qb4 $17) 31... Qd6 $4 {perd l'avantage} (31... Nxf2+
$142 {donnera a les noirs l'avantage} 32. Kh2 Ng4+ 33. Kh1 Kg8 $19) 32. Qb2 $15
Qb6 (32... h6 $142 $15) 33. Qe2 $4 {avec ce coup, les blancs perd l'initiative}
(33. Qb4 $142 $11 {prendrait du relief}) 33... Nc3 $19 34. Rxc3 Rxc3 35. g4 (
35. a4 a6 36. Qe1 Rac8 $19 (36... axb5 $6 37. Qxc3 bxa4 38. Qa3 $17)) 35...
Bxg4 $1 {une mauvaise surprise} 36. Qxg4 {NOTEXT: 244} Qxb5 37. Nh3 (37. Ra1
$19) 37... Qxf1+ (37... Qxf1+ 38. Kh2 f5 $19) 0-1

[Event "Open Ouest 06/07 (Istres)"]
[Site "?"]
[Date "2006.10.21"]
[Round "1"]
[White "Calatayud, Stéphane"]
[Black "Person, Claude"]
[Result "1-0"]
[WhiteElo "1590"]
[BlackElo "1390"]
[Annotator "Alard,Francis"]
[PlyCount "53"]
[EventDate "2006.??.??"]

1. e4 e5 2. f4 exf4 3. Nf3 d6 4. d4 Bg4 5.
Bxf4 Be7 6. Bc4 h6 7. O-O Nd7 8. Nc3 Nb6 9. Bb3 Nf6 10. h3 Bh5 11. g4 Bg6 12.
Qe2 O-O 13. Nh4 Bh7 14. Nf3 Re8 15. Rae1 Bf8 16. e5 dxe5 17. dxe5 Qc8 18. Qf2
Nfd7 19. Qh4 g5 20. Bxg5 Nc5 21. Bxf7+ Kxf7 22. Nd4+ Kg8 23. Qh5 Ne6 24. Qf7+
Kh8 25. Bf6+ Bg7 26. Nxe6 Rg8 27. Bxg7+ 1-0

[Event "Open Ouest 06/07 (Istres)"]
[Site "?"]
[Date "2006.10.21"]
[Round "1"]
[White "Dufresne, Ali"]
[Black "Briquet, Xavier"]
[Result "0-1"]
[WhiteElo "1110"]
[BlackElo "1550"]
[Annotator "Alard,Francis"]
[PlyCount "72"]
[EventDate "2006.??.??"]

1. e4 d5 2. Bd3 dxe4 3. Bxe4 Nf6 4. Nc3 e5
5. Nf3 Nxe4 6. Nxe4 Nc6 7. h3 f5 8. Nc3 Be7 9. O-O O-O 10. Ne2 e4 11. Ne1 f4
12. d3 f3 13. Ng3 fxg2 14. Kxg2 exd3 15. cxd3 Ne5 16. Qb3+ Kh8 17. f4 Nc6 18.
Nf3 Bd6 19. Qc3 Bxf4 20. Nh5 Qd7 21. Ng1 Qd5+ 22. Rf3 Qxh5 23. Bxf4 Be6 24.
Raf1 Bd5 25. Kh2 Bxf3 26. Rxf3 Rac8 27. Rg3 Rf7 28. Nf3 Re8 29. Ng1 Ree7 30.
Bg5 Rf2+ 31. Kh1 Ref7 32. Be3 Qd5+ 33. Nf3 R2xf3 34. Kh2 Rxg3 35. Kxg3 Qf3+ 36.
Kh2 Qxe3 0-1

[Event "Open Ouest 06/07 (Istres)"]
[Site "CDJE 13"]
[Date "2006.11.18"]
[Round "2"]
[White "Alard, Francis"]
[Black "Jullien, Patrick"]
[Result "1/2-1/2"]
[WhiteElo "1590"]
[BlackElo "1720"]
[Annotator "Fritz 7 (30s)"]
[PlyCount "39"]
[EventDate "2006.??.??"]

1. e4 c5 2. Nf3 Nc6 3. c3 {B30: Sicilian: 2...Nc6 3 Bb5, lines without ...g6} 
d5 4. exd5 Qxd5 5. Be2 {dernier coup de la bibliotheque} e5 6. d3 Nf6 7. Na3
Be7 8. Nb5 Qd8 9. c4 O-O 10. O-O h6 {Consolide g5} 11. b3 a6 12. Nc3 Bf5 13.
Bb2 Qd6 14. Ne4 Nxe4 15. dxe4 Bxe4 16. Qxd6 Bxd6 {les noirs ont l'avantage
mais proposent nulle. Apres une minute de reflexion, pour la forme, les blancs
acceptent.} (16... Bxd6 17. Nd2 Bg6 $17) 17. Nd2 (17. Rfe1 Bh7 (17... Nd4 18.
Bxd4 (18. Nd2 Bh7 19. Bf3 Nxf3+ 20. Nxf3 $19 {-1.46/17}) 18... cxd4 19. a3 Rfc8
20. Nd2 $17 {-1.40/16}) (17... Rad8 18. Nd2 (18. Bd1 f5 19. a3 g5 20. g4 $19 {
-1.75/15}) 18... Bf5 19. Bf3 Nb4 20. Bxb7 $17 {-1.15/16}) 18. Nd2 (18. Rad1
Rad8 19. Nd2 Nb4 20. Bc3 $19 {-1.75/17}) 18... e4 19. Nf1 Nb4 20. Red1 $17 {
-1.40/17}) (17. Rad1 Rad8 (17... Rfd8 18. Nd2 (18. Rfe1 Bh7 19. Bc3 e4 20. Nd2
$19 {-1.65/16}) 18... Bc2 19. Rc1 Bg6 20. Bf3 $19 {-1.43/17}) (17... Bc7 18.
Nd2 (18. Rd7 Rac8 19. Rfd1 Rfe8 20. Nh4 $19 {-1.46/15}) 18... Bc2 19. Rc1 Bg6
20. Bf3 $17 {-1.34/16}) 18. Nd2 (18. Rd2 Bc7 19. Rfd1 Rxd2 20. Rxd2 $19 {
-1.59/16}) 18... Bc2 19. Rc1 Bg6 20. Bf3 $19 {-1.56/16}) (17. Rfd1 Nd4 (17...
Rad8 18. Nd2 (18. Kf1 Bf5 19. h3 e4 20. Ne1 $19 {-1.62/16}) 18... Bc2 19. Rdc1
Bg6 20. Bf3 $17 {-1.25/17}) (17... Rfd8 18. Nd2 (18. Rd2 Bc7 19. Kf1 b6 20. h3
$17 {-1.40/16}) 18... Bc2 19. Rdc1 Bg6 20. Bf3 $17 {-1.31/17}) 18. Rd2 (18. Kf1
Rfe8 19. Rd2 Bc7 20. Bc3 $19 {-1.59/15}) 18... Bc7 19. Bc3 Rad8 20. Kf1 $19 {
-1.56/16}) (17. h3 Nd4 (17... Rfe8 18. Rfe1 (18. Rfd1 Nd4 19. Kf1 Rad8 20. Rd2
$19 {-1.53/16}) 18... Bh7 19. Red1 Rad8 20. Kf1 $19 {-1.53/16}) (17... Bh7 18.
Rfd1 (18. Nd2 Rfe8 19. Rfe1 Nb4 20. Red1 $19 {-1.78/16}) 18... Rad8 19. Kf1
Rfe8 20. Rd2 $19 {-1.53/17}) 18. Nxd4 (18. Rfe1 Nc2 19. Red1 Nxa1 20. Rxd6 $19
{-1.96/16}) 18... exd4 19. g3 Rae8 20. Rfd1 $19 {-1.93/17}) 17... Bc2 (17...
Bh7 18. Bf3 (18. Rad1 Nd4 19. Bf3 Bc2 20. Rc1 $17 {-1.25/18}) 18... Rad8 19.
Bxc6 bxc6 20. Rfe1 $17 {-0.81/18}) (17... Bg6 18. Bf3 (18. Rad1 Nd4 19. Bf3 Bc2
20. Bxb7 $17 {-1.21/17}) 18... Rac8 19. Rfe1 Rfd8 20. Ne4 $17 {-0.84/15}) 18.
Bf3 (18. Rac1 Bg6 19. Bf3 Nd4 20. Bxd4 $17 {-1.15/17}) 18... Rad8 19. Rfe1 Nb4
20. Bxb7 $17 {-0.87/16} 1/2-1/2

[Event "Open Ouest 06/07 (Istres)"]
[Site "CDJE 13"]
[Date "2006.12.02"]
[Round "2"]
[White "Laorden, Joan"]
[Black "Calatayud, Stéphane"]
[Result "0-1"]
[WhiteElo "1650"]
[BlackElo "1590"]
[Annotator "Fritz 7 (30s)"]
[PlyCount "42"]
[EventDate "2006.??.??"]

1. e4 e5 2. d4 {C21: Danish Gambit} exd4 3. c3 dxc3 4. Bc4 cxb2 5. Bxb2 d5 6.
Bxd5 Nf6 7. Bxf7+ Kxf7 8. Qxd8 Bb4+ 9. Qd2 Bxd2+ 10. Nxd2 {
dernier coup de la bibliotheque} c5 11. f3 {Securise g4} Nc6 12. O-O-O Be6 13.
a3 {Couvre b4} b5 14. Ne2 a5 {les noirs ont l'intention b4} 15. Nf4 (15. e5 Nd5
16. Ne4 $11) 15... a4 {Les noirs gagne de l'espace} (15... Rhd8 $142 $5 $11 {
a un apparent merite}) 16. Nxe6 Kxe6 17. Nb1 (17. e5 $142 $5 {
et les blancs est encore dans la partie} Nd7 18. Ne4 $14) 17... b4 18. axb4 (
18. Nd2 $5 $15 {merite d'etre regarde}) 18... cxb4 $17 19. Rd3 (19. Nd2 $142 $5
$17) 19... Rhc8 $19 20. Kd2 Na5 21. Rd1 $4 {
la position etait mauvaise, et cette erreur a accelere la fin.} (21. Bd4 $142
$19) 21... Nc4+ (21... Nc4+ 22. Kc2 Nh5 $19) 0-1

[Event "Open Ouest 06/07 (Istres)"]
[Site "CDJE 13"]
[Date "2006.11.21"]
[Round "2"]
[White "Humbert, Didier"]
[Black "Yriarte, Stéphane"]
[Result "1-0"]
[WhiteElo "1550"]
[BlackElo "1499"]
[Annotator "Fritz 7 (30s)"]
[PlyCount "67"]
[EventDate "2006.??.??"]

1. d4 d5 2. Bg5 Nd7 3. e3 {D00: 1 d4 d5: Unusual lines} Ngf6 4. Bd3 e6 5. Nf3
Be7 {dernier coup de la bibliotheque} 6. Bh4 c5 7. c3 b6 8. Nbd2 Bb7 9. Qe2 a6
{Controle b5} 10. e4 dxe4 11. Nxe4 Nxe4 12. Bxe4 Bxe4 13. Qxe4 Bxh4 14. Nxh4
O-O 15. Nf3 Nf6 16. Qd3 Qd6 17. O-O cxd4 18. Qxd4 Qxd4 19. Nxd4 Rfd8 20. Rfd1
b5 21. Nc6 Rxd1+ 22. Rxd1 Nd5 23. b3 $2 (23. Kf1 $142 $11) 23... Rc8 $4 {
gache la partie} (23... Nxc3 $142 24. Rd2 Nd5 $17) 24. Rxd5 $1 $18 {NOTEXT: 247
} Kf8 (24... exd5 25. Ne7+ {NOTEXT: 249}) 25. Rc5 (25. Rd6 $5 {
et les blancs peut se relaxer} g6 $18) 25... Ke8 26. b4 Kd7 (26... f6 $18 {
en priant pour un miracle}) 27. Ne5+ Kd8 28. Rxc8+ (28. Nxf7+ {
peut etre le plus court chemin} Kd7 29. Ne5+ Kd8 $18) 28... Kxc8 29. Nxf7 Kd7
30. Kf1 h6 31. Ke2 Kc6 32. Kd3 Kd5 33. f4 Kc6 (33... h5 {
N'ameliore vraiment rien} 34. h4 $18) 34. Kd4 (34. Kd4 Kc7 35. Nxh6 $18) 1-0

[Event "Open Ouest 06/07 (Istres)"]
[Site "CDJE 13"]
[Date "2006.11.23"]
[Round "2"]
[White "Briquet, Xavier"]
[Black "Brot, Fabrice"]
[Result "1/2-1/2"]
[WhiteElo "1550"]
[BlackElo "1630"]
[Annotator "Fritz 7 (30s)"]
[PlyCount "87"]
[EventDate "2006.??.??"]

1. e4 c6 2. d4 d5 3. exd5 {B13: Caro-Kann: Exchange Variation and Panov-Botvinnik 
Attack} cxd5 4. Nf3 {dernier coup de la bibliotheque} e6 5. Bd3 Bd6 6. Bd2
Nf6 7. c3 {Controle b4} Nc6 8. Qc2 e5 9. dxe5 Nxe5 10. Nxe5 Bxe5 11. Bg5 h6 12.
Be3 Qd6 (12... O-O 13. Nd2 $11) 13. h3 {Consolide g4} O-O 14. O-O Nh5 15. Nd2
Nf4 16. Bf5 (16. Nf3 Qf6 17. Nxe5 Qxe5 $14) 16... Bxf5 17. Qxf5 Ne2+ {
les noirs planifient d4} (17... Qe6 $5 18. Qxe6 fxe6 $11) 18. Kh1 $14 d4 19.
cxd4 (19. Nc4 Qf6 20. Qxe5 Qxe5 21. Nxe5 dxe3 $14) 19... Nxd4 $11 20. Qg4 Nc2
21. Nc4 Nxe3 22. Nxe3 Bxb2 23. Rab1 Bf6 24. Nf5 Qd2 25. Rxb7 g6 ({Pas} 25...
Qxa2 26. Nxh6+ Kh7 27. Nxf7 $18) 26. f4 (26. Rd7 Qxa2 27. Nxh6+ Kg7 28. Nf5+
Kh8 $14) 26... h5 (26... Qxa2 27. Qg3 Rab8 28. Nxh6+ Kg7 29. Rxb8 Rxb8 30. Nf5+
Kf8 31. Ne3 $17) 27. Qg3 (27. Nh6+ Kh7 28. Qe6 Rab8 29. Rxf7+ Rxf7 30. Nxf7 Rb2
$14) 27... Qd5 (27... Qxa2 $5 28. Ne7+ Bxe7 29. Rxe7 Rfe8 30. Rxe8+ Rxe8 $15)
28. Ne7+ $11 Bxe7 29. Rxe7 Qxa2 30. f5 Qa6 31. Rf2 (31. Rfe1 Rab8 $14) 31...
Rfe8 32. Rxe8+ Rxe8 33. f6 (33. Kh2 $142 $5 $15 {
peut etre une alternative viable}) 33... Qa1+ 34. Kh2 Qe5 35. Qxe5 Rxe5 36. Ra2
(36. Rc2 a5 $17) 36... a5 37. Kg3 (37. Rb2 $17) 37... Rf5 (37... g5 $142 $5 $19
) 38. Kh4 $15 Kh7 39. g4 hxg4 40. hxg4 Rxf6 41. Rxa5 Rf4 42. Kg5 {
Active le roi en finale} Rf1 43. Ra7 Kg7 44. Rc7 1/2-1/2

[Event "Open Ouest 06/07 (Istres)"]
[Site "CDJE 13"]
[Date "2006.12.02"]
[Round "2"]
[White "Frailinu, Jean-Bernard"]
[Black "Reymond, Jean-François"]
[Result "0-1"]
[WhiteElo "1620"]
[BlackElo "1499"]
[Annotator "Fritz 7 (30s)"]
[PlyCount "110"]
[EventDate "2006.??.??"]

1. d4 d5 2. Nf3 {D02: 1 d4 d5 2 Nf3 sidelines, including 2...Nf6 3 g3 and 
2...Nf6 3 Bf4} Bg4 3. Ne5 Bh5 4. c4 f6 5. Nf3 e6 6. Nc3 Bb4 7. a3 Bxc3+ 8. bxc3 Ne7
9. e3 O-O 10. Be2 Nd7 11. O-O Nb6 12. c5 {Les blancs gagne de l'espace} Nc4 13.
Nd2 Bxe2 14. Qxe2 Nxd2 15. Qxd2 b6 16. cxb6 cxb6 17. a4 Nf5 18. Qe2 Nd6 19. Ba3
Rf7 20. Bxd6 Qxd6 21. a5 Qc6 (21... bxa5 22. Rxa5 Rc7 23. Rc1 $11) 22. axb6 $14
axb6 23. Rxa8+ Qxa8 24. c4 Qa6 25. Qf3 (25. Qg4 f5 26. Qh4 dxc4 27. Qd8+ Rf8
$11) 25... dxc4 (25... Qxc4 $142 $5 {est digne de consideration} 26. Qg3 Qc6
$17) 26. Qc6 $14 Rf8 27. Qxe6+ Kh8 28. Rc1 Rc8 29. h3 h6 30. d5 Rd8 31. Qc6 Rc8
32. Qe6 Rd8 33. Rb1 (33. Qe7 Qa8 $14) 33... Qa5 34. Rxb6 Rxd5 (34... Qxd5 $142
$5 {est interessant} 35. Qxd5 Rxd5 $14) 35. Rb8+ $16 Kh7 $4 {
triste, mais quoi avec d'autre les noirs pourrait sauver la partie?} (35... Rd8
$142 36. Rxd8+ Qxd8 37. Qxc4 h5 $16) 36. Qf7 (36. Qg8+ $142 {fin du debat} Kg6
37. Rb7 $18) 36... Rd1+ $19 37. Kh2 Qe5+ 38. g3 Qxb8 39. Qxc4 Qd8 40. Qe4+ Kh8
41. h4 (41. g4 {ne resout rien} h5 $19) 41... Rd2 42. Kg2 Qd5 43. Qxd5 Rxd5 44.
g4 (44. Kf3 {N'ameliore vraiment rien} h5 $19) 44... h5 45. Kg3 g6 46. e4 (46.
gxh5 {ne change rien de plus} Rxh5 47. e4 Kg7 $19) 46... Rd3+ 47. f3 Kg7 48.
gxh5 (48. Kf4 {n'est pas un salut} hxg4 49. Kxg4 Kh6 $19) 48... gxh5 49. Kf4
Kg6 50. Kg3 Re3 51. Kf4 Re1 52. Kg3 f5 53. Kf2 Rh1 54. Kg3 (54. e5 {
est le dernier espoir} Rxh4 55. e6 $19) 54... fxe4 55. fxe4 (55. Kg2 {
n'est pas d'une grande aide} e3 56. Kg3 e2 57. Kf2 e1=Q+ 58. Kg2 Qg1#) 55...
Kf6 (55... Kf6 56. Kg2 Rxh4 57. Kf2 Rxe4 58. Kg2 Kf5 59. Kh2 Re2+ 60. Kg3 Ke4
61. Kh4 Kf4 62. Kh3 h4 63. Kxh4 Rh2#) 0-1

[Event "Open Ouest 06/07 (Istres)"]
[Site "CDJE 13"]
[Date "2006.12.16"]
[Round "3"]
[White "Reymond, Jean-François"]
[Black "Calatayud, Stéphane"]
[Result "1-0"]
[WhiteElo "1499"]
[BlackElo "1590"]
[Annotator "Fritz 7 (30s)"]
[PlyCount "115"]
[EventDate "2006.??.??"]

1. e4 e5 2. f4 d5 {
C31: Falkbeer Counter Gambit: 3 exd5 c6 and 3...e4 sidelines.} 3. exd5 exf4 4.
Nf3 Bd6 {dernier coup de la bibliotheque} 5. Be2 g5 6. O-O (6. h3 Nf6 $11) 6...
g4 $15 7. d4 (7. Nd4 $5 f3 8. gxf3 $15) 7... gxf3 $17 8. Bxf3 Qg5 (8... c6 9.
dxc6 Nxc6 10. Nc3 $17) 9. Re1+ Ne7 (9... Kd8 $5 $15 {devrait etre envisage})
10. c4 $11 b6 11. Nc3 (11. b4 c5 (11... Bxb4 12. Qa4+ Nbc6 13. Re5 $16) 12.
dxc6 Bc7 $16) 11... Bf5 (11... O-O 12. Ne4 Qh4 13. Qd2 $15) 12. a3 {Controle b4
} (12. b4 $5 Nd7 13. Ba3 $14) 12... Nd7 (12... Qh4 13. b4 Nd7 14. c5 bxc5 15.
bxc5 Nxc5 16. dxc5 Bxc5+ 17. Kh1 $11) 13. b4 $11 c5 $4 {
les noirs ruine sa position} (13... Qf6 $142 $11 {
et les noirs pourrait bien esperer continuer}) 14. Nb5 $4 {
affaiblissant la position} (14. dxc6 $142 {et les blancs peut se relaxer} Nf6
15. Nb5 $18) 14... Qh6 15. bxc5 bxc5 16. Kh1 O-O (16... Rb8 $142 17. dxc5 Be5
$18) 17. Bg4 $4 {les blancs a manque le coche} (17. g4 $142 $18) 17... Qg6 (
17... Qh4 18. Nxd6 Bxg4 19. Qd2 $17) 18. h3 {Couvre g4} (18. Bh5 $142 Qf6 19.
Bb2 $15) 18... a6 $4 {fait perdre l'avantage} (18... Bxg4 $142 19. Qxg4 Qxg4
20. hxg4 Nc8 21. Nxd6 Nxd6 $17) 19. Nxd6 $18 Qxd6 20. Bxf5 $4 {
n'est pas une bonne decision car l'adversaire revient dans la partie} (20. Rxe7
$142 {les blancs a rate une excellente chance} Qxe7 21. Bxf5 $18) 20... Nxf5
$17 21. Qg4+ Qg6 22. Qxf4 (22. dxc5 Nxc5 23. Bxf4 Rfe8 $17) 22... cxd4 (22...
Rfc8 23. Bb2 Rab8 24. Bc3 $19) 23. Bb2 (23. g4 Rae8 24. Bb2 Ne3 25. Qxd4 Qe4+
26. Qxe4 Rxe4 $19) 23... Rab8 (23... Ne3 $5 24. Re2 Nxc4 25. Bxd4 Rac8 $19) 24.
Bxd4 $17 Nxd4 25. Qxd4 Rfe8 (25... Qg7 $5 26. Rad1 Qxd4 27. Rxd4 Rfe8 $17) 26.
c5 $11 Rxe1+ 27. Rxe1 Rb1 28. Rxb1 Qxb1+ 29. Kh2 Qb8+ 30. d6 Qb7 31. Qc3 $4 {
relache la pression} (31. Qg4+ Kh8 $11) 31... Qc6 $4 {perd l'avantage} (31...
Qd5 32. Qg3+ Kf8 33. Qh4 Qe5+ 34. Kh1 Nxc5 35. Qd8+ Kg7 36. Qe7 $19) 32. Qa5 $4
{redonne l'avantage a l'adversaire} (32. Qg3+ $142 {
et les blancs peut esperer survivre} Kh8 33. Qc3+ Kg8 34. Qg3+ Kf8 35. Qe3 $11)
32... Qxc5 $19 33. Qc7 Qxc7 34. dxc7 Nb6 35. Kg3 Kf8 36. Kf4 $2 (36. Kh4 Ke7
37. Kg5 Kd7 $19) 36... Ke7 (36... Nd5+ $142 $5 {semble meme mieux} 37. Ke5 Nxc7
38. a4 $19) 37. Kf5 a5 38. g4 h6 (38... Kd7 $142 $5 {
fais ca meme si c'est plus facile pour les noirs} 39. Kf6 Nc4 40. c8=Q+ Kxc8
$19) 39. h4 Nc8 40. g5 Nd6+ 41. Kg4 hxg5 42. Kxg5 f6+ (42... Kf8 $142 $5 $17)
43. Kg6 $11 Kf8 44. Kxf6 Ne8+ 45. Ke6 Nxc7+ 46. Kd6 Ne8+ 47. Kc5 a4 48. Kb4 Ke7
(48... Nd6 $142 $5 $11 {est une idee interessante}) 49. Kxa4 $16 Kd6 50. Kb5
Kc7 (50... Nc7+ $142 $5 51. Kc4 Ke5 $16) 51. h5 $18 Nf6 52. h6 Nh7 53. a4 (53.
Ka6 $142 $5 $18) 53... Kb7 $16 54. Kc5 Nf8 55. Kd6 Kc8 $2 (55... Ka6 $142 $18)
56. Ke7 Ng6+ (56... Nh7 $18 {quoi d'autre?}) 57. Kf7 Ne5+ 58. Kg7 (58. Kg7 Kd7
59. h7 $18) 1-0